Представление документа в формате MARC21

ПолеНазваниеЗначение
  Тип записи a
  Библиографический уровень m
001 Контрольный номер RU/URAIT/585080
005 Дата корректировки 20260429163627.5
008 Кодируемые данные 260429s2026 RU y f j 000 0 rus u
020 Индекс ISBN __
a ISBN 978-5-534-08196-1
c Цена, тираж 849.00
040 Источник каталогиз. __
a Служба первич. каталог. ИКО Юрайт
c Служба, преобразующая запись ИКО Юрайт
e Правила каталог. RCR
041 Код языка издания __
a Код языка текста rus
044 Код страны публикации __
a Код страны публикации RU
080 Индекс УДК __
a Индекс УДК 675(075.8)
084 Индекс другой классификации/Индекс ББК __
2 Источник индекса rubbk
a Индекс другой классификации/Индекс ББК 37.25я73
100 Автор __
a Автор Лутфуллина Г. Г.
q Полное имя Лутфуллина Гульназ Гусмановна
245 Заглавие __
a Заглавие Технология меха: специальные главы
b Продолж. заглавия учебник для вузов
c Ответственность Г. Г. Лутфуллина, В. А. Сысоев, И. Ш. Абдуллин.
250 Сведения об издании __
g испр. и доп
a Основные сведения об издании 2-е изд.
256 Характеристики компьютерного файла __
a Характеристики компьютерного файла Электрон. дан.
260 Выходные данные __
a Место издания Москва
b Издательство Юрайт
c Дата издания 2026
300 Физическое описание __
a Объем 177 с
440 Серия __
a Серия Высшее образование
500 Примечания __
a Примечание URL: https://urait.ru/bcode/585080 (дата обращения: 29.04.2026).
520 Аннотация __
a Аннотация В учебном пособии рассмотрены принципы подбора сырья, особенности формирования химической и механической технологии обработки шкур, примерные схемы применения отечественных и импортных химических материалов при обработке основных видов меха. Книга дополнена приложениями, которые помогут студентам освоить материалы учебного пособия.
538 Прим. о системных особенностях __
a Прим. о системных особенностях Режим доступа: Электронно-библиотечная система Юрайт, для авториз. пользователей
653 Ключевые слова __
a Ключевые слова Легкая промышленность
653 Ключевые слова __
a Ключевые слова Технические науки
653 Ключевые слова __
a Ключевые слова Основы сельскохозяйственного производства сырья для получения натуральных волокон
653 Ключевые слова __
a Ключевые слова Технология изделий легкой промышленности
653 Ключевые слова __
a Ключевые слова Современные технологии в производстве кожевенно-меховых товаров
653 Ключевые слова __
a Ключевые слова Технология восстановления потребительских свойств кожи и меха
653 Ключевые слова __
a Ключевые слова Технология изделий из натурального меха и кожи
653 Ключевые слова __
a Ключевые слова Технология меха
653 Ключевые слова __
a Ключевые слова Специальные главы по технологии кожи и меха
653 Ключевые слова __
a Ключевые слова Основы технологии изделий легкой промышленности
653 Ключевые слова __
a Ключевые слова Выделка и крашение кожевенного и мехового сырья
653 Ключевые слова __
a Ключевые слова Основы товароведения и потребительские свойства кожи и меха
653 Ключевые слова __
a Ключевые слова Специальные главы технологии кожи и меха
653 Ключевые слова __
a Ключевые слова Технология изделий легкой промышленности (по отраслям)
653 Ключевые слова __
a Ключевые слова Восстановление потребительских свойств изделий из кожи и меха
700 Другие авторы __
a Другие авторы Сысоев В. А.
q Полное имя Сысоев Владислав Александрович
700 Другие авторы __
a Другие авторы Абдуллин И. Ш.
q Полное имя Абдуллин Ильдар Шаукатович
856 Электронный адрес документа 40
n Местонахождение сервера Юрайт
g Электронная книга
q Тип электронного формата html
h Имя пользователя ЮРАЙТ
v Часы доступа к ресурсу 20271231
2 Способ доступа Показать документ
x Служебное примечание https://urait.ru/book/cover/66F9697E-E3A9-4589-8126-D1548EBE4089
u URL https://urait.ru/bcode/585080
856 Электронный адрес документа 48
q Тип электронного формата cover
u URL https://urait.ru/book/cover/66F9697E-E3A9-4589-8126-D1548EBE4089
911 __
u 0030=https://urait.ru/bcode/585080
911 __
u 073a=9785534081961
u 073d=849.00
911 __
u 106a=s
911 __
u 900l=
952 Тип литературы __
i Дисциплина Основы сельскохозяйственного производства сырья для получения натуральных волокон
952 Тип литературы __
i Дисциплина Технология изделий легкой промышленности
952 Тип литературы __
i Дисциплина Современные технологии в производстве кожевенно-меховых товаров
952 Тип литературы __
i Дисциплина Технология восстановления потребительских свойств кожи и меха
952 Тип литературы __
i Дисциплина Технология изделий из натурального меха и кожи
952 Тип литературы __
i Дисциплина Технология меха
952 Тип литературы __
i Дисциплина Специальные главы по технологии кожи и меха
952 Тип литературы __
i Дисциплина Основы технологии изделий легкой промышленности
952 Тип литературы __
i Дисциплина Выделка и крашение кожевенного и мехового сырья
952 Тип литературы __
i Дисциплина Основы товароведения и потребительские свойства кожи и меха
952 Тип литературы __
i Дисциплина Специальные главы технологии кожи и меха
952 Тип литературы __
i Дисциплина Технология изделий легкой промышленности (по отраслям)
952 Тип литературы __
i Дисциплина Восстановление потребительских свойств изделий из кожи и меха